Normal view
MARC view
- العراق-حرب الخليج - مواقف الاسلاميين
Entry Topical Term
001 - CONTROL NUMBER
- control field: 16778
003 - CONTROL NUMBER IDENTIFIER
- control field: JO-AjAnu
005 - DATE AND TIME OF LATEST TRANSACTION
- control field: 20230606072956.0
008 - FIXED-LENGTH DATA ELEMENTS
- fixed length control field: 230606|| aca||aabn | a|a d
040 ## - CATALOGING SOURCE
- Original cataloging agency: JO-AjAnu
- Transcribing agency: JO-AjAnu
150 ## - HEADING--TOPICAL TERM
- Topical term or geographic name entry element: العراق-حرب الخليج - مواقف الاسلاميين
670 ## - SOURCE DATA FOUND
- Source citation: Work cat.: (JO-AjAnu)8615: الدغشي، أحمد محمد؛ تقديم الديلمي، عبد الوهاب, author 16777, مواقف الاسلاميين من ازمة الخليج: دراسة نقدية إصلاحية